000 00797nam a22002657a 4500
001 BR8501721
003 BR-BrBNA
005 20230928092128.0
007 ta
008 230509b bl.||||| |||| 00| 0 por d
040 _aBR-BrBNA
_bpor
_cBiblioteca Nacional de Agricultura
041 _a(Por)
072 _aL70
090 _ L70 BR8501721
100 1 _aFialho, S.A.G.
245 1 _aAnestesiologia veterinaria. Guia pratico de anestesia para pequenos e grandes animais
260 3 _aSao Paulo, SP (Brasil):
_bLivraria Nobel S.A.,
_c1985.
300 _a234 p.
500 _a26 illus.; 41 tables; Glossary p. 220-222; Bibliography p. 223-234 (230 ref.)
650 _aVETERINARIA
650 _aANESTESIA
650 _aMEDICAMENTO
909 _a202309
_bLucia
_c55
_dLucia Elande
942 _cBK
999 _c37280
_d37280